000 00688nam a2200217Ia 4500
003 OSt
005 20240527101720.0
008 210716s2008 xx 000 0 und d
020 _a9781422126967
040 _cAIMIT LIBRARY
041 _aeng
082 _a374.22
_21
_bPORM
100 _aPorter, Michael E.
_9167841
245 _aOn competition :
_bupdated and expanded edition /
_cBy Michael E Porter.
250 _a1st ed.
260 _aUSA :
_bHarvard Business Review Book ,
_c2008.
300 _axxxi,544p. ;
_bPB
_c24 cm
650 _aCompetition and strategy : core concepts
_9167842
650 _aThe competitiveness of locations
_9167843
942 _2ddc
_cBK
_e1st
_k374.22 PORM
999 _c206419
_d206419